002340000a220007300045001000018000002450063000183000046000817730033001271 aNeuer, Werner10aThe spirit of life : The pneumatology of Jürgen Moltmann aVol. 5, Núm 2 (1996), Páginas 105-1190 tEuropean Journal of Theology